Fußball WM 2026 - ALLE Teams - Statistiken

Allgemein
  • Dieses Quiz wurde 370 mal gespielt
  • Das Durchschnittsergebnis liegt bei 35 aus 48
Antwortstatistiken
Gruppe Nation % Korrekt
Gr E Deutschland
98%
Gr D USA
96%
Gr A Mexiko
94%
Gr B Kanada
93%
Gr H Spanien
93%
Gr J Argentinien
91%
Gr C Brasilien
91%
Gr I Frankreich
91%
Gr L England
90%
Gr K Portugal
90%
Gr B Schweiz
88%
Gr F Schweden
86%
Gr F Japan
85%
Gr J Österreich
83%
Gr I Norwegen
82%
Gr D Türkei
82%
Gr G Belgien
81%
Gr F Niederlande
81%
Gr A Südkorea
81%
Gr B Bosnien*
80%
Gr E Curaçao
80%
Gr D Australien
79%
Gr C Marokko
79%
Gr E Ecuador
78%
Gr K Kolumbien
77%
Gr E Elfenbeinküste
75%
Gr A Südafrika
75%
Gr G Iran
74%
Gr A Tschechien
72%
Gr L Kroatien
69%
Gr G Ägypten
68%
Gr C Schottland
68%
Gr I Senegal
68%
Gr H Uruguay
68%
Gr I Irak
65%
Gr G Neuseeland
64%
Gr L Ghana
63%
Gr H Saudi-Arabien
60%
Gr D Paraguay
59%
Gr B Katar
57%
Gr L Panama
56%
Gr C Haiti
54%
Gr J Algerien
53%
Gr K DR Kongo
53%
Gr F Tunesien
49%
Gr H Kap Verde
46%
Gr J Jordanien
41%
Gr K Usbekistan
39%
Keine übereinstimmenden Quizze gefunden
Verteilung der Resultate
Anzahl Personen mit jedem Resultat
Perzentil nach korrekt beantworteten Fragen
Ihre Resultats-Entwicklung
Sie haben dieses Quiz noch nicht gespielt